000 00284nam a2200109Ia 4500
001 1268567
005 20260417145252.0
008 260417s9999 xx 000 0 und d
020 _a9786256999992
245 0 _aKitap Avcıları-Yunus Emre
_cFeride Kurtulmuş
260 _bKetebe Çocuk
999 _c1268567
_d1268567